Legislative reforms to the National Labor Relations Act : H.R. 2776, Workforce Democracy and Fairness Act; H.R. 2775, Employee Privacy Protection Act; and, H.R. 2723, Employee Rights Act : hearing before the Subcommittee on Health, Employment, Labor and Pensions, Committee on Education and the Workforce, U.S. House of Representatives, One Hundred Fifteenth Congress, first session : hearing held in Washington, DC, June 14, 2017.

Bibliographic Details
Corporate Author: United States. Congress. House. Committee on Education and the Workforce. Subcommittee on Health, Employment, Labor, and Pensions (Author)
Format: Government Document eBook
Language:English
Published: Washington : U.S. Government Publishing Office, 2019.
Subjects:
Online Access:https://purl.fdlp.gov/GPO/gpo119016

MARC

Tag First Indicator Second Indicator Subfields
LEADER 00000cam a2200000 i 4500
001 in00004071921
005 20200113170226.0
006 m o d f
007 cr |||||||||||
008 190422s2019 dcua ob f000 0 eng c
035 |a (OCoLC)on1098036237 
042 |a pcc 
043 |a n-us--- 
040 |a GPO  |b eng  |e rda  |e pn  |c GPO  |d GPO  |d STF  |d OCLCO  |d COO  |d OCLCO  |d UUM  |d OCLCO  |d OCLCF  |d TXR  |d OCLCO  |d OCLCA  |d GPO  |d MvI 
049 |a WWW 
050 4 |a KF27  |b .E3395 2017c 
074 |a 1015-C (online) 
086 0 |a Y 4.ED 8/1:115-18 
088 |a Serial no. 115-18 (United States. Congress. House. Committee on Education and the Workforce) 
110 1 |a United States.  |b Congress.  |b House.  |b Committee on Education and the Workforce.  |b Subcommittee on Health, Employment, Labor, and Pensions,  |e author. 
245 1 0 |a Legislative reforms to the National Labor Relations Act :  |b H.R. 2776, Workforce Democracy and Fairness Act; H.R. 2775, Employee Privacy Protection Act; and, H.R. 2723, Employee Rights Act : hearing before the Subcommittee on Health, Employment, Labor and Pensions, Committee on Education and the Workforce, U.S. House of Representatives, One Hundred Fifteenth Congress, first session : hearing held in Washington, DC, June 14, 2017. 
246 3 0 |a Workforce Democracy and Fairness Act 
246 3 0 |a Employee Privacy Protection Act 
246 3 0 |a Employee Rights Act 
264 1 |a Washington :  |b U.S. Government Publishing Office,  |c 2019. 
300 |a 1 online resource (iii, 104 pages) :  |b illustrations 
336 |a text  |b txt  |2 rdacontent 
337 |a computer  |b c  |2 rdamedia 
338 |a online resource  |b cr  |2 rdacarrier 
588 |a Description based on online resource; title from PDF title screen (govinfo web site, viewed on Apr. 22, 2019). 
504 |a Includes bibliographical references. 
500 |a "Serial no. 115-18." 
610 1 0 |a United States.  |b National Labor Relations Board  |x Rules and practice. 
610 1 7 |a United States.  |b National Labor Relations Board.  |2 fast  |0 (OCoLC)fst00530430 
650 0 |a Labor unions  |x Elections  |x Law and legislation  |z United States. 
650 0 |a Right to labor  |z United States. 
650 0 |a Employee rights  |z United States. 
650 0 |a Privacy, Right of  |z United States. 
650 0 |a Labor laws and legislation  |z United States. 
650 7 |a Employee rights.  |2 fast  |0 (OCoLC)fst00909055 
650 7 |a Labor laws and legislation.  |2 fast  |0 (OCoLC)fst00989967 
650 7 |a Labor unions  |x Elections  |x Law and legislation.  |2 fast  |0 (OCoLC)fst00990275 
650 7 |a Privacy, Right of.  |2 fast  |0 (OCoLC)fst01077444 
650 7 |a Right to labor.  |2 fast  |0 (OCoLC)fst01097919 
651 7 |a United States.  |2 fast  |0 (OCoLC)fst01204155 
655 7 |a Legislative hearings.  |2 fast  |0 (OCoLC)fst01910825 
655 7 |a Rules.  |2 fast  |0 (OCoLC)fst01423857 
655 7 |a Legislative hearings.  |2 lcgft 
776 0 8 |i Print version:  |a United States. Congress. House. Committee on Education and the Workforce. Subcommittee on Health, Employment, Labor, and Pensions.  |t Legislative reforms to the National Labor Relations Act  |w (OCoLC)1099527879 
776 0 8 |i Microfiche version:  |a United States. Congress. House. Committee on Education and the Workforce. Subcommittee on Health, Employment, Labor, and Pensions.  |t Legislative reforms to the National Labor Relations Act  |w (OCoLC)1130312067 
856 4 0 |u https://purl.fdlp.gov/GPO/gpo119016  |t 0 
999 f f |s ea2481a4-5b06-3170-b97f-8104ac0647cd  |i a7f201d8-2ebb-3a23-9b16-3147352bf18a  |t 0 
952 f f |a Texas A&M University  |b College Station  |c Electronic Resources  |d Available Online  |t 0  |e Y 4.ED 8/1:115-18  |h Superintendent of Documents classification 
998 f f |a Y 4.ED 8/1:115-18  |t 0  |l Available Online